000 00795nam a2200217 a 4500
003 0
005 20250214090145.0
008 120718s19uu xx 00 eng d
050 _aPGS LB 3602
_b.Sr774 2012
100 _aSrivastava, Bishakha J.
245 _aExtracurricular activities and academic performance /
_cBishakha J. Srivastava.
260 _aLas PiƱas City, Philippines :
_bSouthville International School and Colleges,
_c2010.
300 _a24 pages :
_billustrations ;
_c28 cm.
504 _aIncludes bibliographical references.
650 _aExtracurricular activities.
650 _aAcademic achievement.
650 _aEducation
_vActivity programs.
650 _aStudent clubs
_vEducational aspects.
650 _aSchool sports
_vEducational aspects.
942 _2lcc
_cPASS
999 _c98703
_d98703